| 000 | 01824cam a2200445 a 4500 | ||
|---|---|---|---|
| 001 | 200021 | ||
| 003 | OSt | ||
| 005 | 20140310182718.0 | ||
| 008 | 990715s1999 nyu 000 1 eng | ||
| 010 | _a 99039518 | ||
| 020 | _a0684857960 | ||
| 035 | _a(DLC) 99039518 | ||
| 040 |
_aDLC _cDLC _dDLC |
||
| 043 |
_an-us--- _an-cn--- |
||
| 050 | 0 | 0 |
_aPS 648 _b.Sc434 1999 |
| 082 | 0 | 0 |
_aM 813.0108054 _221 _bSc3 1999 |
| 245 | 0 | 4 |
_aThe Scribner anthology of contemporary short fiction _bFifty North American stories since 1970 _cWilliford, Lex, editors |
| 260 |
_aNew York _bScribner Paperback Fiction _cc1999 |
||
| 300 |
_a671 p. _c24 cm. |
||
| 521 | _aCollege Student | ||
| 526 | _c1210L to 1700L | ||
| 541 | _j1 | ||
| 562 | _efor circulation. 1 copy available in the collection | ||
| 650 | 0 | _aShort stories, American. | |
| 650 | 0 | _aShort stories, Canadian. | |
| 650 | 0 |
_aAmerican fiction _y20th century. |
|
| 650 | 0 |
_aCanadian fiction _y20th century. |
|
| 651 | 0 |
_aUnited States _xSocial life and customs _vFiction. |
|
| 651 | 0 |
_aCanada _xSocial life and customs _vFiction. |
|
| 700 | 1 |
_aWilliford, Lex, _d1954- |
|
| 700 | 1 | _aMartone, Michael. | |
| 856 | 4 | 2 |
_3Contributor biographical information _uhttp://www.loc.gov/catdir/bios/simon051/99039518.html |
| 856 | 4 | 2 |
_3Publisher description _uhttp://www.loc.gov/catdir/description/simon041/99039518.html |
| 856 | 4 | 1 |
_3Table of contents only _uhttp://www.loc.gov/catdir/enhancements/fy0631/99039518-t.html |
| 856 | 4 | 1 |
_3Sample text _uhttp://www.loc.gov/catdir/enhancements/fy0641/99039518-s.html |
| 906 |
_a7 _bcbc _corignew _d1 _eocip _f19 _gy-gencatlg |
||
| 942 |
_2lcc _cBK _kM |
||
| 999 |
_c15311 _d15311 |
||